| 000 | 00328nam a2200121 4500 | ||
|---|---|---|---|
| 005 | 20211108160329.0 | ||
| 008 | 211108b ||||| |||| 00| 0 eng d | ||
| 022 | _a0973-3329 | ||
| 040 | _c | ||
| 245 | _aIndian journal of mathematics & mathematical sciences | ||
| 260 |
_aSerials publications _bJul-Dec 2019 |
||
| 942 |
_2ddc _cPR |
||
| 999 |
_c220450 _d220450 |
||